000 00630nam a22001937a 4500
999 _c8340
_d8340
003 AR-CdUCM
008 190322b ||||| |||| 00| 0 spa d
040 _aMUNICIPALIDAD PROVINCIAL DEL CUSCO
_cBIBLIOTECA MUNICIPAL DEL CUSCO
082 _a508 /
_bJ13
100 _aJackson, Francis
_923409
245 _aNuestro mundo viviente /
260 _aEspaña :
_bAnaya,
_c1970.
300 _a46 paginas ;
_c21 cm.
505 _aContenido :Seres vivos -- La célula -- Fotosíntesis -- Microscopio -- Microorganismos ...
650 _aCiencias naturales
_910176
650 _aReino animal
_923410
942 _2ddc
_cLIBROS
945 _arum